|
|
|
|
| LEADER |
00000nab a2200000 a 4500 |
| 001 |
vtls000676790 |
| 003 |
SK-MaSNL |
| 005 |
20260303234459.0 |
| 008 |
140617c xo 0 slo |
| 015 |
|
|
|a SNBRB1998/11-24089
|
| 035 |
|
|
|a CLN000028960
|
| 040 |
|
|
|a SNKBUCL
|b slo
|c SNKBUCL
|e AACR2
|
| 041 |
0 |
|
|a slo
|
| 044 |
|
|
|a xo
|c SK
|
| 080 |
|
|
|a 82:929:885.4 (497.11)
|2 1997
|
| 080 |
|
|
|a 885.4 (497.11):929
|2 1997
|
| 100 |
1 |
|
|a Harpáň, Michal,
|d 1944-
|4 aut
|9 221070
|
| 245 |
1 |
0 |
|a -Za Paľom Bohušom
|b (1921-1997)
|c Michal Harpáň
|
| 600 |
1 |
7 |
|a Bohuš, Paľo,
|d 1921-1997
|2 snkbucl
|9 122703
|
| 655 |
|
7 |
|a články z novín a časopisov
|2 snkbucl
|9 267496
|
| 773 |
0 |
|
|t Tvorba T
|g Roč. 8 (17), č. 3 (1998), s. 6-7
|
| 850 |
|
|
|a Slovenská národná knižnica v Martine
|
| 852 |
|
|
|a SNK
|b KIS3GCP
|
| 958 |
|
|
|a LX
|
| 958 |
|
|
|a SK
|
| 958 |
|
|
|a YU
|
| 992 |
|
|
|a RBX
|
| 999 |
|
|
|c 2520967
|d 2522897
|